000 00959nam a2200265Ia 4500
003 OSt
005 20220923211007.0
006 a|||||r|||| 00| 0
007 ta
008 220922b |||||||| |||| 00| 0 hin d
020 _a8170167477 (hbk)
_c8140
024 _a279,872
037 _b20310, 22/02/2014, Prashant Book Distributors
_cTextual
040 _aARTS
_cARTS
_bhin
041 _2hin
_ahin
082 _aO152,2N44,MA, P8
100 _aपुष्पा, मैत्रेयी
_9156292
245 0 _aमंदाक्रान्ता
246 _ahindākrāntā
260 _aनयी दिल्ली
_b किताबघर प्रकाशन
_c2011
300 _a116पृ.
_ccm.
650 _aहिन्दी साहित्य
_9156264
942 _hO152,2N44,MA, P8
_cTEXL
_2CC
999 _c293634
_d293634